000 00351nam a2200145Ia 4500
008 150201s2001 xx 000 0 und d
082 _a612.015
_bR2001R
100 _aUN PANDA
245 _aREVIEW OF BIOCHEMISTRY
250 _a2ND
260 _bJAYPEE MEDICAL PUBLISHER
_aDELHI
_c2001
300 _a1-362
650 _aBIOCHEMISTRY
942 _2ddc
_cBK
999 _c2554
_d2554